000 00486nam a2200157Ia 4500
999 _c35095
_d35095
003 OSt
005 20201124125746.0
008 190216s9999||||xx |||||||||||||| ||und||
040 _coclc
082 _a880.900103
_bHAR/O
100 _aHarvey, Paul
_96905
245 4 _aThe Oxford Companion To Classical Literature /
_cPaul Harvey
260 _bOxford At The Elerendan Press,
_aLondon:
300 _a465p
942 _cREF
_2ddc
_h880.900103
_iHAR/O
_k880.900103
_mHAR/O